Movies Quiz

Random Movies or Oscar Quiz

Invisible Best Picture Winners Quiz Stats

 Plays Quiz Updated Oct 14, 2021

     
Support Sporcle.
Go Orange.
Score 0/93 Timer 15:00
0 Plays Today
Best Picture Winners % Correct
Titanic
78.8%
Moonlight
78.6%
The Godfather
76.6%
Parasite
75.2%
Gone with the Wind
74.6%
The Godfather: Part II
71.3%
Forrest Gump
70.3%
Casablanca
68.8%
The Shape of Water
68.8%
Green Book
68.5%
Argo
68%
Crash
67.9%
Nomadland
67.8%
The Return of the King
67.1%
The Artist
66.6%
Gladiator
65.6%
Schindler's List
65.5%
Chicago
63.8%
The Hurt Locker
63.5%
Kramer vs. Kramer
63.2%
Spotlight
63%
Rocky
62.2%
Shakespeare in Love
61.6%
The Silence of the Lambs
61.5%
The Departed
61.3%
Slumdog Millionaire
61.1%
The King's Speech
61%
The Sound of Music
60.7%
Birdman
59.9%
Dances With Wolves
59.6%
Wings
59.5%
Best Picture Winners % Correct
12 Years a Slave
59.3%
Platoon
59.1%
Braveheart
58.8%
American Beauty
58.6%
Unforgiven
58.2%
Million Dollar Baby
58.1%
One Flew over the Cuckoo's Nest
57.8%
No Country for Old Men
57.6%
Ben-Hur
56.9%
A Beautiful Mind
56.9%
Rain Man
56.8%
The English Patient
56.3%
The Deer Hunter
55.9%
Patton
55.7%
Out of Africa
55%
Driving Miss Daisy
54.9%
Gandhi
54.8%
West Side Story
54.6%
Amadeus
54.3%
Ordinary People
54%
Annie Hall
53.7%
Chariots of Fire
53%
The French Connection
52.9%
The Sting
52.6%
Terms of Endearment
51.4%
All About Eve
51%
On the Waterfront
51%
Midnight Cowboy
50.7%
It Happened One Night
50.5%
Oliver!
50.3%
Lawrence of Arabia
50%
Best Picture Winners % Correct
The Bridge on the River Kwai
49.9%
My Fair Lady
49.3%
The Last Emperor
48.4%
How Green Was My Valley
48.2%
The Apartment
48.1%
All Quiet on the Western Front
48.1%
Marty
47.8%
Rebecca
47.7%
Gigi
47.4%
Hamlet
46.3%
In the Heat of the Night
45.6%
Cimarron
44.9%
The Greatest Show on Earth
44.3%
From Here to Eternity
43.8%
Grand Hotel
43.6%
The Best Years of Our Lives
43.5%
Mrs. Miniver
42.5%
Around the World in Eighty Days
41.6%
An American in Paris
41%
Cavalcade
40.5%
A Man for All Seasons
39.8%
Tom Jones
39.3%
The Great Ziegfeld
39.2%
The Lost Weekend
39.1%
The Broadway Melody
39.1%
All the King's Men
38.7%
Mutiny on the Bounty
38.6%
The Life of Emile Zola
38.6%
Going My Way
38.5%
You Can't Take It with You
38%
Gentleman's Agreement
37.5%

From the Vault

Unique 2 Letter Combo Countries

by Bray

Geography 18m
50% geography test, 50% spelling test, 100% action! (ok that was super cheesy)
Remove Ads.
Support Sporcle.
Get the best of Sporcle when you Go Orange. This ad-free experience offers more features, more stats, and more fun while also helping to support Sporcle. Thank you for becoming a member.

Show Comments

Extras

Top Quizzes Today


Score Distribution

Your Account Isn't Verified!

In order to create a playlist on Sporcle, you need to verify the email address you used during registration. Go to your Sporcle Settings to finish the process.

Report this User

Report this user for behavior that violates our Community Guidelines.

Details: